Heat integration in batch processing /

Guardado en:
Autor Principal: Vaselenak, J.A.
Otros Autores: Westerberg, Arthur W., Grossmann Ignacio E.
Formato: Libro
Idioma:English
Publicado: Pittsburgh, Pa. : Design Research Center, 1984.
Materias:
Etiquetas: Agregar Etiqueta
Sin Etiquetas, Sea el primero en etiquetar este registro!
LEADER 00713nam a22001935a 4500
001 EIQ.libpla000503
008 060210s1984####paua#####b####000#0#eng#d
005 20070918114350.0
245 1 0 |a Heat integration in batch processing /  |c J.A. Vaselenak, I.E. Grossmann and A.W. Westerberg. 
260 |a Pittsburgh, Pa. :  |b Design Research Center,  |c 1984. 
300 |a [41] p. :  |b il. ;  |c 27 cm. 
500 |a Bibliografía: p. 24. 
100 1 |a Vaselenak, J.A. 
700 1 |a Westerberg, Arthur W. 
700 1 |a Grossmann Ignacio E. 
650 4 |a Integración del calor  |x Procesamiento por lotes. 
650 4 |a Heat integration  |x batch processing. 
040 |a AR-BbSID  |b spa  |c AR-BbSID 
859 |a AR-BbSID  |b BIB. PLAPIQUI  |h 536.2  |i V 44  |p 3321